000 00802nam a2200217 i 4500
001 154889
003 ES-MaACL
005 20250730221501.0
008 981127s1878 sp |||| | spa d
040 _aCCPB | B
_bspa
_cCCPB | B
100 1 _aGuichot, Joaquín (
_d1820-1906)
_9151747
245 1 0 _aDon Pedro Primero de Castilla
_b: ensayo de vindicación crítico-histórica de su reinado /
_cpor Joaquín Guichot.
260 _aSevilla :
_b[s.n.],
_c1878 (
_fImp. de Gironés y Orduña)
300 _aXIX, 269 p. ;
_c28 cm.
500 _aPubl. patrocinada por la Diputación Provincial de Sevilla.
597 _aPort. a dos tintas con esc. xil.
597 _aAntep.
600 0 4 _aPedro
_bI,
_cRey de Castilla
_989923
852 _aES-MaACL
_jC-2087
_z-- Enc. hol.
999 _c154889
_d154889